000 01019cas a22002535 4500
001 L147664
008 111107c2010 xxuqr ws s 0 a0eng u
035 _a(Sirsi) u147664
041 0 _aeng
050 _a333.33 $2 18
110 2 _aColliers International
_95548
245 0 0 _aNorth America Industrial Highlights
_h[electronic resource]
260 _aSeattle
_bColliers
_c2010-
362 0 _aQ4 2010-
490 0 _aNorth America Industrial Highlights
_vQ4 2010-
520 _aPresents the latest statistical data and commentary covering trends in supply, demand, vacancies and rents in the US and Canadian industrial property markets down to city level. Tables.
554 _aFour per year
650 2 4 _aCOLLIERS INTERNATIONAL NORTH AMERICA INDUSTRIAL HIGHLIGHTS
651 4 _aUnited States
_y1959-
651 4 _aCanada
690 _aPROPERTY-COMMERCIAL PROPERTY-COMMERCIAL PROPERTY MARKET
856 4 8 _uhttps://www.colliers.com/Research
_zView the report free of charge at www.colliers.com
942 _n0
999 _c119219
_d119219